Matemática 5° Básico Cuaderno de actividades

Gespeichert in:
Bibliographische Detailangaben
1. Verfasser: Bernardita Banderas Henríquez Autor
Weitere Verfasser: David Romero Durán Autor Secundario Oriana Cerda Gutiérrez Oscar Mardones Rojas
Format: Buch
Sprache:Spanisch
Erschienen: Santiago SM Chile s f.
Katalog:MANES:  Suchergebnis im Bibliothekskatalog
Schulbuchspezifische Eigenschaften:
Tags: Tag hinzufügen
Keine Tags, Fügen Sie den ersten Tag hinzu!
Hinzugefügt zu:28.02.2024
Geändert in:25.04.2025

MARC

LEADER 00000nam a22000007a 4500
005 20250425101605.0
008 240229b |||||||| |||| 00| 0 spa d
040 |a MGM 
100 |9 43509  |a Bernardita Banderas Henríquez  |b Autor 
245 |a Matemática 5° Básico Cuaderno de actividades 
260 |a Santiago  |b SM Chile  |c s f. 
300 |a 159 p.  |b 22,5 x 27,5 cm. 
546 |a Chile 
561 |5 cl-MGM  |3 T Matemática 0468  |a Chile. Museo Gabriela Mistral  |k MANES 
690 |a MATE 
691 |a PRI 
700 |9 43510  |a David Romero Durán  |b Autor Secundario  |9 43511  |a Oriana Cerda Gutiérrez  |9 43512  |a Oscar Mardones Rojas 
942 |2 ddc  |c BK 
999 |c 101545  |d 101545 
999 |c manes:101545  |d 101545